MARC

LEADER 00000nas a2200000 i 4500
001 ssj0000602874
003 WaSeSS
005 20200512172242.0
006 m d
007 cr n
008 120104c20119999nz ar p s 0 0eng c
010 |a  2013201550 
022 |a 2230-3251  |l 2230-3251 
035 |a (WaSeSS)ssj0000602874 
040 |a FQM  |b eng  |c FQM  |d CUD  |d CUS  |d SERSO  |d OCLCF  |d OCLCQ  |d OCLCO  |d OCLCQ  |d UAB  |d LIP  |d OCLCO  |d XFH  |d OCLCO  |d OCLCQ  |d OCLCA  |d CRU  |d MOW  |d OCLCO  |d AU@  |d OCLCO  |d WYU  |d OCLCO  |d OCLCA  |d VT2  |d OCLCO  |d OCL  |d OCLCA  |d WaSeSS 
042 |a pcc 
050 4 |a RA407.A1 
050 4 |a RA410.A1 
060 4 |a INTERNET 
082 0 4 |a 610.727 
210 1 |a Open access med. stat. 
222 0 |a Open access medical statistics 
245 0 0 |a Open access medical statistics  |h [electronic resource]. 
246 1 |i Title from HTML header:  |a Journal of open access medical statistics 
246 3 0 |a OAMS 
260 |a [Auckland, N.Z.] :  |b Dovepress,  |c 2011- 
310 |a Annual 
362 1 |a Began with: Volume 1 (2011). 
506 |a License restrictions may limit access. 
588 |a Description based on: Volume 1 (2011); title from caption (Dovepress, viewed June 10, 2013). 
588 |a Latest issue consulted: Volume 3 (2013) (viewed June 10, 2013). 
650 0 |a Medical statistics  |v Periodicals. 
650 7 |a Medical statistics.  |2 fast  |0 (OCoLC)fst01014672 
650 2 |a Medicine  |x statistics & numerical data  |v Periodicals. 
650 2 |a Statistics as Topic  |v Periodicals. 
650 2 |a Statistics as Topic. 
650 2 |a Medicine  |x statistics & numerical data. 
655 0 |a Electronic journals. 
710 2 |a Dove Medical Press Ltd. 
856 4 0 |z Full text available from Research Library: 01/01/2011 to present  |u https://search.proquest.com/publication/3933322